Biblioteca "Ernesto Sabato"
Facultad de Derecho y Ciencias Sociales
Facultad de Lenguas
Universidad Nacional del Comahue

Una perspectiva del desarrollo histórico de las organizaciones profesionales de los trabajadores sociales en la Argentina (Record no. 33828)

MARC details
000 -CABECERA
campo de control de longitud fija 00632nam a22002057a 4500
003 - IDENTIFICADOR DEL NÚMERO DE CONTROL
campo de control OSt
005 - FECHA Y HORA DE LA ÚLTIMA TRANSACCIÓN
campo de control 20190621085306.0
008 - DATOS DE LONGITUD FIJA--INFORMACIÓN GENERAL
campo de control de longitud fija 190621b xxu||||| |||| 00| 0 spa d
020 ## - ISBN
Número Internacional Estándar del Libro 978-950-802-343-8
040 ## - FUENTE DE LA CATALOGACIÓN
Centro/agencia transcriptor Biblioteca Ernesto Sábato
092 ## - SIGNATURA TOPOGRÁFICA
Número de clasificación 361.1
Libristica B826
100 ## - Autor Personal
Nombre de persona Bravo, Enrique
245 ## - MENCIÓN DE TÍTULO
Título Una perspectiva del desarrollo histórico de las organizaciones profesionales de los trabajadores sociales en la Argentina
260 ## - PUBLICACIÓN, DISTRIBUCIÓN, ETC. (PIE DE IMPRENTA)
Lugar de publicación, distribución, etc. Buenos Aires
Nombre del editor, distribuidor, etc. Espacio
Fecha de publicación, distribución, etc. 2011
300 ## - DESCRIPCIÓN FÍSICA
Paginas 185 p
440 ## - MENCIÓN DE SERIE/PUNTO DE ACCESO ADICIONAL--TÍTULO
Título Ciencias Sociales.
Nombre de parte o sección de la obra Novedades
650 ## - Descriptores Tematicos
Término de materia o nombre geográfico como elemento inicial TRABAJO SOCIAL
650 ## - Descriptores Tematicos
Término de materia o nombre geográfico como elemento inicial ETICA PROFESIONAL
942 ## - ELEMENTOS DE PUNTO DE ACCESO ADICIONAL (KOHA)
Fuente del sistema de clasificación o colocación Dewey Decimal Classification
Tipo de ítem Koha BDGR
Holdings
Estado de retiro Estado de pérdida Fuente del sistema de clasificación o colocación Estado dañado No para préstamo Localización permanente Ubicación/localización actual Fecha de adquisición Número de inventario Total de préstamos Signatura topográfica completa Código de barras Fecha visto por última vez Precio válido a partir de Tipo de ítem Koha
    Dewey Decimal Classification     Biblioteca Ernesto Sabato - FADECS - UNCOMA Biblioteca Ernesto Sabato - FADECS - UNCOMA 21/06/2019 24551   361.1 B826 24551 21/06/2019 21/06/2019 BDGR
Facultad de Derecho y Ciencias Sociales | Universidad Nacional del Comahue | Mendoza y Perú General Roca | Río Negro CP (8332) | Patagonia Argentina | Teléfono: 54-0298-4433670 | | Fax: 0298-4432093 | Fax alumnos: 0298-4435700